MARC details
| 000 -CABECERA |
| campo de control de longitud fija |
02037nam a2200313 a 4500 |
| 001 - NÚMERO DE CONTROL |
| campo de control |
000014884 |
| 003 - IDENTIFICADOR DEL NÚMERO DE CONTROL |
| campo de control |
DO-SdBNP |
| 005 - FECHA Y HORA DE LA ÚLTIMA TRANSACCIÓN |
| campo de control |
20250428134901.0 |
| 008 - DATOS DE LONGITUD FIJA--INFORMACIÓN GENERAL |
| campo de control de longitud fija |
100127s2008 dr abd 001 0 spa d |
| 020 ## - NÚMERO INTERNACIONAL ESTÁNDAR DEL LIBRO |
| ISBN cancelado o inválido |
9945859501 |
| 040 ## - FUENTE DE LA CATALOGACIÓN |
| Centro catalogador/agencia de origen |
DO-SdBNP |
| Lengua de catalogación |
spa |
| Centro/agencia transcriptor |
BNPHU |
| 082 ## - NÚMERO DE LA CLASIFICACIÓN DECIMAL DEWEY |
| Número de clasificación |
333.72 |
| Número de documento/Ítem |
F727a, 2008 |
| 111 1# - ENTRADA PRINCIPAL--NOMBRE DE CONGRESO/REUNIÓN |
| Nombre de congreso/reunión o jurisdicción como elemento de entrada |
Foro sobre Desarrollo Humano |
| Sede del congreso/Lugar de la reunión |
Santo Domingo, República Dominicana |
| Fecha del congreso/reunión |
1: 2006: |
| 9 (RLIN) |
33715 |
| 245 10 - MENCIÓN DE TÍTULO |
| Título |
Áreas protegidas y desarrollo humano : |
| Resto del título |
¿por qué proteger a una iguana cuando hay niños desnutridos ? / |
| Mención de responsabilidad, etc. |
coordinación general Rosa Cañete Alonso y Miguel Silva. |
| 250 ## - MENCIÓN DE EDICIÓN |
| Mención de edición |
2a. ed. |
| 260 ## - PUBLICACIÓN, DISTRIBUCIÓN, ETC. |
| Lugar de publicación, distribución, etc. |
Santo Domingo : |
| Nombre del editor, distribuidor, etc. |
PNUD, |
| Fecha de publicación, distribución, etc. |
2008. |
| 300 ## - DESCRIPCIÓN FÍSICA |
| Extensión |
157 p. : |
| Otras características físicas |
il., gráf., map. ; |
| Dimensiones |
23 cm. |
| 504 ## - NOTA DE BIBLIOGRAFÍA, ETC. |
| Nota de bibliografía, etc. |
Bibliografía : p. 147 151 |
| 505 0# - NOTA DE CONTENIDO CON FORMATO |
| Nota de contenido con formato |
Prólogo -- Introducción -- Áreas protegidas y desarrollo humano -- El Sistema Nacional de Áreas Protegidas de República Dominicana (1956-2006): 50 años de evolución histórica hacia el desarrollo humano -- Conflictos entre involucrados con el uso y gestión de las áreas protegidas -- Participación del público y respuestas de los expositores -- Las experiencias exitosas de Bolivia, Bostwana, Perú, Ghana y Congo -- El programa de pequeños subsidios: su contribución al desarrollo y empoderamiento local --Reserva científica Loma Quita Espuela, provincia Duarte -- Monumento natural Salto del Limón, provincia Samaná -- Participación del público -- Conclusión -- Notas -- Bibliografía -- Anexos. |
| 590 ## - NOTA LOCAL (RLIN) |
| Nota local |
Inventariado, 2018/LP |
| 650 #7 - PUNTO DE ACCESO ADICIONAL DE MATERIA--TÉRMINO DE MATERIA |
| Término de materia o nombre geográfico como elemento de entrada |
Áreas protegidas |
| Subdivisión geográfica |
República Dominicana |
| 9 (RLIN) |
7050 |
| Subdivisión de forma |
Congresos, conferencias, etc. |
| 650 #4 - PUNTO DE ACCESO ADICIONAL DE MATERIA--TÉRMINO DE MATERIA |
| Término de materia o nombre geográfico como elemento de entrada |
Conservación recursos naturales |
| Subdivisión geográfica |
República Dominicana |
| 9 (RLIN) |
183 |
| Subdivisión de forma |
Congresos, conferencias, etc. |
| 650 #4 - PUNTO DE ACCESO ADICIONAL DE MATERIA--TÉRMINO DE MATERIA |
| Término de materia o nombre geográfico como elemento de entrada |
Parques nacionales |
| Subdivisión geográfica |
República Dominicana |
| 9 (RLIN) |
184 |
| Subdivisión de forma |
Congresos, conferencias, etc. |
| 700 12 - PUNTO DE ACCESO ADICIONAL--NOMBRE DE PERSONA |
| Nombre de persona |
Silva, Miguel, |
| Término indicativo de función/relación |
coor. |
| 9 (RLIN) |
186 |
| 700 12 - PUNTO DE ACCESO ADICIONAL--NOMBRE DE PERSONA |
| Nombre de persona |
Cañete Alonso, Rosa, |
| Término indicativo de función/relación |
coor. |
| 9 (RLIN) |
185 |
| 710 2# - PUNTO DE ACCESO ADICIONAL--NOMBRE DE ENTIDAD CORPORATIVA |
| Nombre de entidad corporativa o nombre de jurisdicción como elemento de entrada |
Programa de las Naciones Unidas para el Desarrollo |
| 9 (RLIN) |
187 |
| 910 ## - DATOS DE OPCIÓN DEL USUARIO (OCLC) |
| Datos de opción del usuario |
Validado. Control de calidad MFF |
| 942 ## - ELEMENTOS DE PUNTO DE ACCESO ADICIONAL (KOHA) |
| Fuente del sistema de clasificación o colocación |
Dewey Decimal Classification |
| Tipo de ítem Koha |
Libro |